<?xml version="1.0" encoding="UTF-8"?>
<marc:record xmlns:marc="http://www.loc.gov/MARC21/slim">
   <marc:leader>00000nam a2200000 a 4500</marc:leader>
   <marc:datafield ind1="1" ind2=" " tag="100">
      <marc:subfield code="a">Gruböck, Christian</marc:subfield>
      <marc:subfield code="4">aut</marc:subfield>
      <marc:subfield code="e">Verfasser/-in</marc:subfield>
   </marc:datafield>
   <marc:datafield ind1=" " ind2=" " tag="653">
      <marc:subfield code="a">Softcover / Belletristik/Science Fiction</marc:subfield>
   </marc:datafield>
   <marc:datafield ind1=" " ind2=" " tag="653">
      <marc:subfield code="a">Science Fiction</marc:subfield>
   </marc:datafield>
   <marc:datafield ind1="0" ind2="0" tag="245">
      <marc:subfield code="a">Unbekannte Zone</marc:subfield>
   </marc:datafield>
   <marc:datafield ind1="0" ind2="0" tag="245">
      <marc:subfield code="b">Mystery-Thriller</marc:subfield>
   </marc:datafield>
   <marc:datafield ind1="0" ind2="0" tag="245">
      <marc:subfield code="c">Christian Gruböck</marc:subfield>
   </marc:datafield>
   <marc:datafield ind1=" " ind2="1" tag="264">
      <marc:subfield code="a">Wien</marc:subfield>
      <marc:subfield code="b">Echomedia</marc:subfield>
      <marc:subfield code="c">2013</marc:subfield>
   </marc:datafield>
   <marc:datafield ind1="1" ind2=" " tag="520">
      <marc:subfield code="a">Angaben aus der Verlagsmeldung

Unbekannte Zone / von Christian Gruböck

Gefangen von einer rätselhaften Macht – Ein Mysterythriller aus ÖsterreichBernd und Silvia Raabe überleben als Einzige einen Flugzeugabsturz in der ostafrikanischen Steppe. Ihre Freude über die Begegnung mit zwei Verirrten währt jedoch nur kurz, denn sie müssen feststellen, dass sie alle auf mysteriöse Weise gefangen sind. Ein Rettungsteam wird entsandt, in einem waghalsigen Befreiungsversuch will der Versicherungsagent Christoph Grünberg sich selbst opfern. Doch die Ereignisse überstürzen sich, und es wird klar: Es geht nicht mehr nur um die vier Eingeschlossenen – es geht um die ganze Welt! Eine rätselhafte überdimensionale Macht versetzt die Menschheit in Panik. Regierungen in aller Welt suchen fieberhaft nach einem Ausweg. Dennoch will die kleine Truppe in Afrika selbst die Lösung des Problems in die Hand nehmen. Der Parawissenschaftler Michael Konter entschließt sich, einem absurden Gedanken nachzugehen – allein …
</marc:subfield>
   </marc:datafield>
   <marc:datafield ind1=" " ind2=" " tag="020">
      <marc:subfield code="a">9783902900227</marc:subfield>
      <marc:subfield code="9">9783902900227</marc:subfield>
   </marc:datafield>
   <marc:datafield ind1=" " ind2=" " tag="041">
      <marc:subfield code="a">ger</marc:subfield>
   </marc:datafield>
   <marc:datafield ind1=" " ind2=" " tag="300">
      <marc:subfield code="a">254 S.</marc:subfield>
   </marc:datafield>
</marc:record>
